000 00403 a2200121 4500
001 ART_18431
005 20260410161702.0
008 260409a
245 1 0 _aLa exención impositiva para las entidades de beneficio público y la actividad financiera.
100 1 _aAtchabahian, Adolfo
700 1 _aAtchabahian, Abel A.
773 0 _tRevista Impuestos
_g- Nº 5 (may. 2012)
_wREV639
999 _c15235
_d15235